Enternational Economics (Record no. 22111)

MARC details
000 -LEADER
fixed length control field 00906nam a22003017a 4500
003 - CONTROL NUMBER IDENTIFIER
control field IBSLLIB
005 - DATE AND TIME OF LATEST TRANSACTION
control field 20260512081441.0
008 - FIXED-LENGTH DATA ELEMENTS--GENERAL INFORMATION
fixed length control field 260512b |||||||| |||| 00| 0 eng d
020 ## - INTERNATIONAL STANDARD BOOK NUMBER
International Standard Book Number 0024053511
040 ## - CATALOGING SOURCE
Original cataloging agency IBSLLIB
Language of cataloging English
041 ## - LANGUAGE CODE
Language code of original Eng
082 ## - DEWEY DECIMAL CLASSIFICATION NUMBER
Classification number 337
Item number SAL
100 ## - MAIN ENTRY--PERSONAL NAME
Personal name Salvatore , Dominick
245 ## - TITLE STATEMENT
Title Enternational Economics
250 ## - EDITION STATEMENT
Edition statement 4th ed.
260 ## - PUBLICATION, DISTRIBUTION, ETC. (IMPRINT)
Place of publication, distribution, etc. New York :
Name of publisher, distributor, etc. Macmillan ,
Date of publication, distribution, etc. 1990
300 ## - PHYSICAL DESCRIPTION
Extent 126 p ;
Dimensions 24 cm
505 ## - FORMATTED CONTENTS NOTE
Formatted contents note International trade theory
505 ## - FORMATTED CONTENTS NOTE
Formatted contents note International trade policy
505 ## - FORMATTED CONTENTS NOTE
Formatted contents note Foreign exchange markets, exchange rates and the balance of payments
505 ## - FORMATTED CONTENTS NOTE
Formatted contents note Open economy macroeconomics Adjustment in the balance of payments and domestic stability
650 ## - SUBJECT ADDED ENTRY--TOPICAL TERM
Topical term or geographic name as entry element Social science
650 ## - SUBJECT ADDED ENTRY--TOPICAL TERM
Topical term or geographic name as entry element Economics
650 ## - SUBJECT ADDED ENTRY--TOPICAL TERM
Topical term or geographic name as entry element International economics
653 ## - INDEX TERM--UNCONTROLLED
Uncontrolled term International trade
653 ## - INDEX TERM--UNCONTROLLED
Uncontrolled term Economics
942 ## - ADDED ENTRY ELEMENTS (KOHA)
Koha item type Lending Book
Holdings
Withdrawn status Lost status Damaged status Not for loan Collection code Permanent Location Current Location Shelving location Date acquired Source of acquisition Inventory number Full call number Barcode Koha item type
        Lending Collection IBSL Library IBSL Library Lending Section 10/09/2025 Donation 10631 337 SAL 10631 Lending Book
Copyright © 2024 IBSL Library, All rights reserved.
mail to: library@ibsl.lk | Contact: 0112425735 | Library Address: IBSL Library, 80A, Elvitigala Mawatha, Colombo 008